Todos los soles mienten /

La Tierra se enfría porque el Sol está apagándose, la temperatura baja día a día, los hielos avanzan y no hay futuro para la humanidad. En medio de la desolación, un grupo de adolescentes intenta desafiar al destino, pero van a descubrir un terrible plan secreto y ya no serán los mismos. La novela e...

Descripción completa

Guardado en:
Autor Principal: Valentino, Esteban.
Formato: Libro
Idioma:Undetermined
Publicado: Buenos Aires : Santillana, 2023.
Edición:1a ed.
Series:Identidades bonaerenses
Loqueleo
Materias:
Etiquetas: Agregar Etiqueta
Sin Etiquetas, Sea el primero en etiquetar este registro!
LEADER 02043nam a22002895a 4500
001 CEM.cems024771
008 250704s2023####ag############000#0#und#d
005 20260413075402.0
245 1 0 |a Todos los soles mienten /  |c Esteban Valentino. 
250 |a 1a ed. 
260 |a Buenos Aires :  |b Santillana,  |c 2023. 
300 |a 155 p. 
490 1 |a Identidades bonaerenses 
490 1 |a Loqueleo 
500 |a Edición especial de la Dirección de Cultura y Educación de la Provincia de Buenos Aires. 
500 |a Sugerencia de edad: a partir de ciclo básico. 
520 |a La Tierra se enfría porque el Sol está apagándose, la temperatura baja día a día, los hielos avanzan y no hay futuro para la humanidad. En medio de la desolación, un grupo de adolescentes intenta desafiar al destino, pero van a descubrir un terrible plan secreto y ya no serán los mismos. La novela es una distopía que se inscribe dentro del género de la ciencia ficción. Pero este relato es mucho más que una especulación acerca del futuro. A través de los distintos narradores, que permiten una pluralidad de sentidos y significados y de las imágenes poéticas con las que se construye el relato, se muestran la nostalgia por los sueños pasados, la irrupción de la muerte y la profundidad de variados sentimientos, como la amistad, el amor y la soledad. Esteban Valentino es un autor bonaerense consagrado por sus diversas obras. La Fundación El Libro consideró a "Todos los soles mienten" entre los tres mejores libros del bienio 1999-2000. 
020 |a 9789504671398 
100 1 |a Valentino, Esteban. 
653 |a Narrativa argentina 
653 |a Literatura argentina 
653 |a Ciencia ficción 
653 |a Identidades bonaerenses 
859 |a CEMS  |b BIB. CEMS - Agricultura  |h A863.4  |i V235-2  |p A3938.25  |t Ej.1 
859 |a CEMS  |b BIB. CEMS - Ccias. Educacion  |h A863.4  |i V235  |k CE  |p 30060.25  |t Ej.1 
859 |a CEMS  |b BIB. CEMS - 11 de abril  |h A863.4  |i V235-1a1  |p 30058.25  |t Ej.1 
859 |a CEMS  |b BIB. CEMS - 11 de abril  |h A863.4  |i V235-1a1  |p 30059.25  |t Ej.2